Best Picture Title Characters Quiz Stats

 Plays Quiz Updated Sep 23, 2017

Challenge
Share
Tweet
Embed
Score 0/44 Timer 10:00
7 Plays Today
Film Actor/Actress % Correct
Forrest Gump (1994)Tom Hanks
95.5%
Rocky (1976)Sylvester Stallone
92.1%
Braveheart (1995)Mel Gibson
92.1%
Kramer vs. Kramer (1979)Dustin Hoffman
91.8%
Rain Man (1988)Dustin Hoffman
91.8%
Gladiator (2000)Russell Crowe
90.5%
The Godfather (1972)Marlon Brando
89.1%
Birdman or (The Unexpected Virtue of Ignorance) (2014)Michael Keaton
87.2%
The Godfather: Part II (1974)Al Pacino
86.8%
Dances with Wolves (1990)Kevin Costner
86%
Annie Hall (1977)Diane Keaton
85.7%
The King's Speech (2010)Colin Firth
85.5%
Gandhi (1982)Ben Kingsley
85%
Schindler's List (1993)Liam Neeson
84.7%
Kramer vs. Kramer (1979)Meryl Streep
83.9%
Million Dollar Baby (2004)Hilary Swank
80.4%
The Deer Hunter (1978)Robert De Niro
76.6%
The English Patient (1996)Ralph Fiennes
76%
My Fair Lady (1964)Audrey Hepburn
75.8%
Shakespeare in Love (1998)Joseph Fiennes
73.8%
Ben-Hur (1959)Charlton Heston
72.9%
No Country for Old Men (2007)Tommy Lee Jones
71.3%
Film Actor/Actress % Correct
Lawrence of Arabia (1962)Peter O'Toole
70.7%
Hamlet (1948)Laurence Olivier
67.5%
Patton (1970)George C. Scott
65.5%
Driving Miss Daisy (1989)Jessica Tandy
63.4%
Midnight Cowboy (1969)Jon Voight
63.1%
The Lord of the Rings: The Return of the King (2003)Viggo Mortensen
55.5%
Slumdog Millionaire (2008)Dev Patel
50.3%
An American in Paris (1951)Gene Kelly
48.6%
Marty (1955)Ernest Borgnine
45.7%
Amadeus (1984)Thomas Hulce
43.9%
The Artist (2011)Jean Dujardin
36%
Mrs. Miniver (1942)Greer Garson
32.7%
12 Years a Slave (2013)Chiwetel Ejiofor
31%
Tom Jones (1963)Albert Finney
30.6%
Gigi (1958)Leslie Caron
29%
A Man for All Seasons (1966)Paul Scofield
26.5%
All About Eve (1950)Anne Baxter
22%
The Life of Emile Zola (1937)Paul Muni
19.1%
Oliver! (1968)Mark Lester
14.8%
The Great Ziegfeld (1936)William Powell
14%
The Last Emperor (1987)John Lone
9.9%
No Country for Old Men (2007)Barry Corbin
6.5%

You're not logged in!

Compare scores with friends on all Sporcle quizzes.
OR
Log In

You Might Also Like...

Show Comments

Extras

Top Quizzes Today


Score Distribution

Your Account Isn't Verified!

In order to create a playlist on Sporcle, you need to verify the email address you used during registration. Go to your Sporcle Settings to finish the process.

Report this User

Report this user for behavior that violates our Community Guidelines.

Details: